| 000 | 00989 a2200253 4500 | ||
|---|---|---|---|
| 003 | Nust | ||
| 005 | 20230530093238.0 | ||
| 010 | _a 2003012672 | ||
| 020 | _a0321186133 (alk. paper) | ||
| 040 | _cNust | ||
| 082 | 0 | 0 | _a005.1,AHE |
| 100 | 1 |
_aAhern, Dennis M. _9112843 |
|
| 245 | 1 | 0 |
_aCMMI distilled : _ba practical introduction to integrated process improvement / _cDennis M. Ahern, Aaron Clouse, Richard Turner. |
| 250 | _a2nd ed. | ||
| 260 |
_asingapore _bPearson Education _cc2004. |
||
| 300 |
_axviii, 305 p. : _bill. ; _c24 cm. |
||
| 490 | 0 | _aSEI series in software engineering | |
| 505 | _aIntegrated process improvement (page-1), the CMMI models (page-39), using CMMI (page-151), The future of CMMI (page-183). | ||
| 650 | 0 |
_aCapability maturity model (Computer software) _994550 |
|
| 700 | 1 |
_aClouse, Aaron. _9112844 |
|
| 700 | 1 |
_aTurner, Richard, _d1954- _9112845 |
|
| 856 | 4 | 1 |
_3Table of contents _uhttp://www.loc.gov/catdir/toc/ecip045/2003012672.html |
| 942 |
_2ddc _cBKB |
||
| 999 |
_c178994 _d178994 |
||